00286nam a2200121Ia 4500008004100000100002100041245002200062260002800084300000900112650001900121942000700140999001700147190216s9999||||xx |||||||||||||| ||und|| aKeshav M Mutalik 0aSongs Of Divinity bPopular Prakashanc1995 a164p aEnglish Poetry cBK c14084d14084